000 00313nam a2200097Ia 4500
005 20250424112820.0
008 250424s9999 xx 000 0 und d
300 _a104 p. : ill. ; 27 cm.
650 _aAmerican Airlines, inc.--History Airlines--United States--History Airlines--United States--Biography
942 _cSR
999 _c37291
_d37291